00384nam a2200121 a 45000010005000000030005000050050017000100080041000270400020000682450077000882500021001652600076001865095CDMR20130314171817.0130130s1990||||||||||||||||||||||||||||d aCDMRbcatcCDMR03aLa tramontanab: número extraordinari dedicat a la Revolució de 1789 a[Ed. facsímil] aBarcelonac1990bAssociació d'Amics de la Biblioteca Pública Arús